00822nam a2200217Ia 4500003000900000008004100009020001800050040001600068080002200084111005400106245018500160260006100345300001600406490003400422650001200456650002000468700002400488700002100512700002500533710004600558IN-BaIIA211028s9999 xx 000 0 eng d a1-58381-151-6 cIIA Library a082.2:52bASP-302 aMeeting on Radio PulsarscGreeced2002 Aug. 26-29 0aRadio pulsarsbproceedings of a meeting held in Crete, Greece, 26-29 Aug 2002cedited by Mathew Bailes, D. J. Nice and S. E. Thorsett  aSan FranciscobAstronomical Society of the Pacificc2003 axiii, 404p. aASP conference series; v. 302 aPulsars aRadio astronomy aBailes, Mathew, ed. aNice, D. J., ed. aThorsett, S. E., ed. aAstronomical Society of the Pacific